Singers Who Were Formerly Part Of A Group - Sudden Death - Statistics

General Stats
  • This quiz has been taken 127 times
  • The average score is 10 of 20
Answers on the Grid
Answers color-coded by a green-red scale on the quiz's grid according to % correct below.
Belinda Carlisle
George Michael
Kylie Minogue
Paul McCartney
Kate Bush
Holly Johnson
Alan Price
Beyonce
Donna Summer
Rick Astley
Madonna
Rod Stewart
Lauren Hill
Celine Dion
Gwen Stefani
Diana Ross
Dr. Dre
Alison Moyet
Stevie Wonder
Ed Sheeran
Robbie Williams
Peter Gabriel
Janet Jackson
Harry Styles
Mariah Carey
Enya
LIonel Richie
Justin Timberlake
Dusty Springfield
Michael Jackson
 
Answer Stats
Answer % Correct
Paul McCartney
89%
Michael Jackson
81%
Beyonce
80%
Harry Styles
79%
George Michael
75%
Justin Timberlake
75%
Gwen Stefani
74%
Robbie Williams
59%
Diana Ross
53%
Dr. Dre
45%
Lauren Hill
45%
Peter Gabriel
45%
LIonel Richie
43%
Rod Stewart
39%
Belinda Carlisle
38%
Holly Johnson
31%
Alison Moyet
30%
Alan Price
25%
Dusty Springfield
18%
Enya
14%
No matching quizzes found
Score Distribution
Percent of People with Each Score
Percentile by Number Answered
Your Score History
You have not taken this quiz